The factorization of cyclic reduced powers by secondary cohomology operations
Αποθηκεύτηκε σε:
| Κύριος συγγραφέας: | |
|---|---|
| Μορφή: | Βιβλίο |
| Γλώσσα: | English |
| Δημοσίευση: |
Providence, R.I. :
American Mathematical Society,
1962
|
| Σειρά: | Memoirs of the American Mathematical Society ;
; 42 |
| Θέματα: | |
| Ετικέτες: |
Προσθήκη ετικέτας
Δεν υπάρχουν, Καταχωρήστε ετικέτα πρώτοι!
|
MARC
| LEADER | 00000nam a2200000 i 4500 | ||
|---|---|---|---|
| 001 | 1/45520 | ||
| 008 | 941103s1962 eng d | ||
| 020 | |a 0-8218-1242-4 | ||
| 035 | |a 1993 |l 10042563 | ||
| 040 | |a GR-MY-UA |b gre |e aacr | ||
| 041 | 0 | |a eng | |
| 082 | 0 | |a 514 | |
| 100 | 1 | |a Liulevicius, Arunas |d 1934- | |
| 245 | 1 | 4 | |a The factorization of cyclic reduced powers by secondary cohomology operations / |c Arunas Liulevicius |
| 260 | |a Providence, R.I. : |b American Mathematical Society, |c 1962 | ||
| 300 | |a 112 p.; |c 26 cm. | ||
| 490 | 1 | |a Memoirs of the American Mathematical Society |v ; 42 | |
| 500 | |a Includes bibliographical references (p. 111-112) | ||
| 650 | 0 | 0 | |a Topology. |
| 830 | 0 | |a Memoirs of the American Mathematical Society ; |v ; 42 | |
| 852 | |a INST |b SAMOS |e 19941103 |h 514 LIU |p 005300002404 |q 005300002404 |t BK |y 0 | ||
| 909 | |a Σ |b 034506 | ||